000 01673nam a2200409 a 4500
001 ebr10296502
003 CaPaEBR
006 m u
007 cr cn|||||||||
008 080111s2008 njua sb 001 0 eng
010 _z 2008001411
015 _aGBA822447
_2bnb
016 7 _z014530672
_2Uk
020 _z9780470259559 (cloth)
020 _z0470259558 (cloth)
040 _aCaPaEBR
_cCaPaEBR
035 _a(OCoLC)608623922
050 1 4 _aHD31
_b.A984 2008eb
082 0 4 _a658.4/013
_222
100 1 _aAziza, Bruno,
_d1975-
245 1 0 _aDrive business performance
_h[electronic resource] :
_benabling a culture of intelligent execution /
_cBruno Aziza & Joey Fitts.
260 _aHoboken, N.J. :
_bJohn Wiley & Sons,
_cc2008.
300 _axxxiv, 286 p. :
_bill.
490 1 _aMicrosoft executive leadership series
504 _aIncludes bibliographical references and index.
505 0 _aThe six stages of performance management -- Managing performance -- Monitor -- Analyze -- Plan -- Pull it all together: what's your organization's stage?
533 _aElectronic reproduction.
_bPalo Alto, Calif. :
_cebrary,
_d2013.
_nAvailable via World Wide Web.
_nAccess may be limited to ebrary affiliated libraries.
650 0 _aManagement.
650 0 _aPerformance.
650 0 _aOrganizational effectiveness.
650 0 _aIndustrial efficiency.
655 7 _aElectronic books.
_2local
700 1 _aFitts, Joey,
_d1972-
710 2 _aebrary, Inc.
830 0 _aMicrosoft executive leadership series.
856 4 0 _uhttp://site.ebrary.com/lib/rucke/Doc?id=10296502
_zAn electronic book accessible through the World Wide Web; click to view
999 _c77345
_d77345